01541nam a2200289 a 450000100060000000300080000600500170001400800410003103500190007204000550009104100110014608200230015710000320018024501500021225000120036226000470037430000340042150000960045550001810055150000590073250400410079150502620083265100420109465100330113665100400116965100420120924857BD-RjUL20211209001116.0140315r19601952enkafc b 001 0 eng c a(BD-RjUL)24926 aTennessee. Univ. LibrcCSUdSERdm.cdBD-RjULbeng1 aengfre a942.073bHAH 19601 aHalévy, Elie,d1870-1937.12aA history of the English people in the nineteenth century - I :cÉlie Halévy ; translated from the French by E. I. Watkin.bENGLAND IN 1815 / a2nd ed. aLondon :bE. Benn,c1949 [Impression 1960] axv ,655 p. :bports ;c23 cm. aVol. 1 translated by E. I. Watkin and D. A. Barker, with an introduction by R. B. McCallum. aVol. 4 (first published in this edition) "contains in part I a reprint of The age of Peel and Cobden and in part II Mr. R. B. McCallum's essay and chronological table."-- p. v. aVol. 6 was published in one book in the first edition. aIncludes bibliographies and indices.0 aVol. 1. England in 1815 -- v. 2. The liberal awakening, 1815-1830 -- v. 3. The triumph of reform, 1830-1841 -- v. 4. Victorian years, 1841-1895 -- v. 5. Imperialism and the rise of labour -- v. 6 (in 2 books). The rule of democracy, 1905-1914, bks. I. & II. 0aGreat BritainxHistoryy19th century. 0aGreat BritainxCivilization. 0aGreat BritainxEconomic conditions. 0aGreat BritainxHistoryy20th century.